000 00450nam a2200169Ia 4500
008 210719s2019 xx 000 0 und d
041 _akan
082 _a954.871K SACT
100 _aSACHCHIDANANDA HEGDE (Bi)
245 _aTuluvara nadu nudi
260 _aMangaluru
_bKarnataka Tulu Sahithya Akeademi.,
_c2019
300 _a112
_bPB
365 _b140
_cRs
650 _aHistory
650 _aKarnataka History
906 _anadu ; nudi ; Tuluvara
999 _c211837
_d211837